Normal view
MARC view
- Atkins,Peter
Entry Personal Name
001 - CONTROL NUMBER
- control field: 1213
003 - CONTROL NUMBER IDENTIFIER
- control field: NUST
005 - DATE AND TIME OF LATEST TRANSACTION
- control field: 20170519123704.0
008 - FIXED-LENGTH DATA ELEMENTS
- fixed length control field: 170519|| aca||aabn | a|a d
040 ## - CATALOGING SOURCE
- Original cataloging agency: NUST
- Transcribing agency: NUST
100 ## - HEADING--PERSONAL NAME
- Personal name: Atkins,Peter
670 ## - SOURCE DATA FOUND
- Source citation: Work cat.: (NUST): Atkins,Peter, Shriver & Atkins Inorganic Chemistry , 2006
